000 00405nam a2200157Ia 4500
008 221030s9999 xx 000 0 und d
020 _a8187522399
041 _aEnglish
082 _a105.23
_bSal
100 _aR. Salaria
245 0 _aProgramming in Fortran with Application to Science & Engineering
260 _bKhanna Pub.
_aNew Delhi
_c2002
300 _a346
650 _aBB Computer
942 _cBK
999 _c1163
_d1163